| 000 | nam a22 7a 4500 | ||
|---|---|---|---|
| 999 |
_c29838 _d29838 |
||
| 008 | 180920b xxu||||| |||| 00| 0 eng d | ||
| 050 |
_aHF5549.5 . F56 2009 _b.F56 2009 |
||
| 100 | _aGuantai Florence | ||
| 245 |
_aFactors affecting the effectiveness of performance appraisal of teaching staff in Tivet institutions: _bThe case of kenya polytechnic/ |
||
| 260 |
_aKenya: _bGuantai Florence, _c2009. |
||
| 300 |
_axiii,80p. : _bill, ; _c30cm. |
||
| 521 | _aMasters. | ||
| 650 | _aappraisal | ||
| 942 |
_2lcc _cRESEARCH _hHF5549.5 . F56 2009 |
||